01800cam a22004094i 4500003000900000005001700009008004100026020001500067035002700082040003300109049000900142082002100151100002700172245003100199264005100230300007100281336002100352337002500373338002300398505026200421526000900683526000900692526000800701526000800709526000800717650002500725700003300750700003000783910001800813942001400831949012900845994001400974596000600988999016800994980005501162952017301217PE-LiUPU20250731184118.0150616s r 000 0 d a0673107027 a(Sirsi) i9780673107022 aPE-LiUPUbspacPE-LiUPUerda aPRUA04a808.068bA112211 aAaron, Ira E.,eautor.10aVoices Endeavors Triumphs. 1aNew York :bScott Foresman and Company,c1976. a176 páginas :bilustraciones fotos, dibujos ;c22 centímetros atext2rdacontent aunmediated2rdamedia avolume2rdacarrier0 aFriendly Persuaders?.-Champions All.-People and the Land.-Go find Hanka!.-Books Too Good to Miss.-Peoplpe and Animals.-Reflections of People.-New Worlds.-Something Marvelous.-Where Thhere's Smoke.-Franklin and His Times.-Surivival of the Planet.-Nellie Bly. aP145 aP127 aP97 aP14 aP0704aLITERATURA INFANTIL.1 aGoodman, Kenneth S.,eautor.1 aSterl Artley, A.,eautor. ajckbjvqcjck 2ddccBOOK a808.068 A11wDEWEYc1i41196lCCODEBUL1mBULr0sYtBOOKu2015-6-16xEDUCACIONzUNKNOWN0COMPRAo.STAFF. Colección General aC0bPEPRU a1 a808.068 A11wDEWEYc58870i41196d58870e2017-10-5f2021-11-9g5lCCODEBUL1mBULn1r0sYtBOOKu2015-6-16xEDUCACIONzUNKNOWN0COMPRAo.STAFF. Colección General 81gALBERTO SANCHEZ Responsable de Automatización r2025-12-03 00:00:00i6l1o808.068 A11p41196s2017-10-05te1w2015-06-16xFACIHEDyBKzinventario-2023-12-13102ddc50708GENfP14aBULbBULcGENd2015-06-16eCOMPRA